[Event "WchT 4th"]
[Site "Luzern"]
[Date "1997.10.29"]
[Round "5.4"]
[White "Christiansen, Larry Mark"]
[Black "Borges Matos, Juan R"]
[Result "1/2-1/2"]
[WhiteElo "2550"]
[BlackElo "2480"]
[Annotator "Finkel,A"]
[PlyCount "57"]
[EventDate "1997.10.25"]
[EventType "team-tourn"]
[EventRounds "9"]
[EventCountry "SUI"]
[SourceTitle "CBM 062"]
[Source "ChessBase"]
[SourceDate "1998.01.31"]
[SourceVersion "1"]
[SourceVersionDate "1998.01.31"]
[SourceQuality "1"]
[WhiteTeam "US of America"]
[BlackTeam "Cuba"]
[WhiteTeamCountry "USA"]
[BlackTeamCountry "CUB"]

1. e4 e6 2. d4 d5 3. Nc3 Nf6 4. e5 Nfd7 5. f4 c5 6. Nf3 Nc6 7. Be3 Be7 8. Be2
a6 9. O-O O-O 10. Kh1 $5 {It's qiete strange,but this logical move was never
tried in tournament practice.} (10. Qd2 b5 11. Nd1 $5 (11. dxc5 $5 Nxc5 12. Nd4
Bb7 (12... Nxd4 $5 13. Bxd4 b4 14. Nd1 Ne4 15. Qe3 a5 16. Nf2 Nxf2 17. Rxf2 Ba6
$11) 13. Bd3 Rc8 14. Nxc6 Rxc6 15. Bd4 b4 16. Ne2 Ne4 17. Qe3 a5 $132 {Diaz,
J-Borges Mateos,J/Santa Clara 1991 (54)}) 11... b4 12. Nf2 a5 13. dxc5 Bxc5 (
13... Nxc5 14. Rad1 Qc7 15. c4 Rd8 16. cxd5 Rxd5 17. Qc2 $14) 14. Bxc5 Nxc5 15.
Bd3 Ba6 16. Qe3 Bxd3 17. cxd3 Na4 18. Rab1 $14 {Kamsky,G-Morozevich,A/
Amsterdam Donner 1996 (59)}) 10... b5 (10... Qb6 $6 11. Na4 Qa5 12. Nxc5 (12.
c3 $5 b6 $2 13. b4 $1 {[%csl Ra5]} cxb4 14. cxb4 Qxb4 15. a3 $18) 12... Nxc5
13. dxc5 Bxc5 14. Bxc5 Qxc5 15. c3 b5 16. Qd2 $14) (10... f6 $5) 11. a3 Bb7 12.
Qe1 $5 {Showing an agressive intentions.} f5 13. exf6 Rxf6 14. Rd1 $14 {
All white pieces are harmonically placed in the center,black pawn on e6 needs
protection,bishop on b7 is out of play:all this make white's advantage
indisputable.} Qc7 $1 {From now on black's play is unmistakable and it lets
him to hold the position.} (14... b4 15. axb4 cxd4 16. Nxd4 Bxb4 17. Nxc6 Bxc6
18. Bd4 Rh6 19. Bg4 $14 {[%csl Re6]}) 15. dxc5 Bxc5 16. Bxc5 Nxc5 17. b4 (17.
g3 $6 d4 $1 {[%cal Gb7h1]} 18. b4 $5 dxc3 19. bxc5 e5 $1 $36) 17... Ne4 $1 (
17... Nd7 18. Ng5 $1 Nf8 $1 (18... h6 $6 19. Bg4 $1 hxg5 20. Bxe6+ Kh8 21. Nxd5
Rxe6 22. Qxe6 (22. Nxc7 $5 Rxe1 23. Rfxe1 Nb6 24. Nxa8 Bxa8 25. Re8+ Kh7 26.
fxg5 $18 {[%csl Ra8,Rh7][%cal Gd1d6]}) 22... Qc8 23. Ne7 $1 Nxe7 24. Rxd7 $18)
19. Bg4 Nd8 20. f5 $6 h6 $1 21. Nxe6 Nfxe6 22. fxe6 Rxf1+ 23. Qxf1 Qxc3 24. e7
Nf7 25. Be6 Qf6 26. Qxf6 gxf6 27. Re1 $1 (27. Rd3 $2 Re8 $1 28. Rg3+ Kh8 29.
Bxf7 Rxe7 $19) 27... Bc6 28. Bxd5 Bxd5 29. e8=Q+ Rxe8 30. Rxe8+ Kg7 $132) 18.
Nxe4 dxe4 19. Ng5 Ne7 20. Bg4 Bd5 21. Bxe6+ $1 {The best chance to fight for
the advantage.} Bxe6 $1 (21... Rxe6 22. Nxe6 Bxe6 23. Qxe4 Qc6 24. Qxc6 Nxc6
25. Rd6 Bc4 $8 26. Re1 Rc8 27. Rd7 $14) 22. Qxe4 Qc6 23. Qxh7+ Kf8 24. Qh8+ Ng8
25. Nh7+ Kf7 26. Ng5+ ({Also after} 26. Nxf6 Nxf6 27. Qh4 Qxc2 28. Rfe1 Qc3 (
28... Bd5 $2 29. Rxd5 Nxd5 30. Qh5+ $18) 29. Qg3 Qxg3 30. hxg3 a5 $11 {the
draw is most probable result.}) 26... Kf8 27. Nh7+ Kf7 28. Ng5+ Kf8 29. Nh7+
1/2-1/2

[Event "WchT 4th"]
[Site "Luzern"]
[Date "1997.10.26"]
[Round "2.4"]
[White "Christiansen, Larry Mark"]
[Black "Dizdar, Goran"]
[Result "1-0"]
[WhiteElo "2550"]
[BlackElo "2545"]
[Annotator "Finkel,A"]
[PlyCount "79"]
[EventDate "1997.10.25"]
[EventType "team-tourn"]
[EventRounds "9"]
[EventCountry "SUI"]
[SourceTitle "CBM 062"]
[Source "ChessBase"]
[SourceDate "1998.01.31"]
[SourceVersion "1"]
[SourceVersionDate "1998.01.31"]
[SourceQuality "1"]
[WhiteTeam "US of America"]
[BlackTeam "Croatia"]
[WhiteTeamCountry "USA"]
[BlackTeamCountry "CRO"]

1. e4 e6 2. d4 d5 3. Nc3 Nf6 4. e5 Nfd7 5. f4 c5 6. Nf3 Nc6 7. Be3 a6 8. Qd2
cxd4 9. Nxd4 Bc5 10. O-O-O O-O 11. h4 Nxd4 12. Bxd4 b5 13. Rh3 {N} Qb6 (13...
b4 14. Na4 Bxd4 15. Qxd4 f6 (15... a5 16. Bb5 $1 Rb8 17. Bd3 Qc7 18. h5 Bb7 19.
g4 Rfc8 20. Rh2 $1 Qc6 (20... Bc6 21. Nc5 Qb6 22. Nb3 a4 23. Qxb6 Rxb6 24. Nd4
$14) 21. b3 Ba6 22. Bxa6 Qxa6 23. f5 $14 {Fogarasi,T-Luther,T/Kecskemet 1993 
(65)}) (15... Qa5 $5 16. b3 Bb7 17. c3 (17. Rg3 Rfc8 18. Rd2 Bc6 19. f5 $5 {
>< Pe5} Qc7 20. f6 g6 21. Qf4 Kh8 22. Re3 Bxa4 23. bxa4 $13 {Arakhamia,
K-Gurevich,M/Helsinki op 1992 (33)}) 17... Rfc8 18. Kb1 (18. Kb2 bxc3+ 19. Rxc3
Rxc3 20. Qxc3 {+/= Nijboer,F-Luther,T/Leeuwarden 1992}) 18... bxc3 19. Rxc3
Rxc3 20. Qxc3 Qxc3 21. Nxc3 Rc8 22. Kb2 Rc7 23. Ne2 $14 {Herrera,I-Ramas,L/
CUB-ch 1993 (45)}) 16. Qxb4 fxe5 17. Qd6 Qf6 18. f5 $1 Qh6+ (18... Qxf5 $2 19.
Rf3 Qg4 20. Rxf8+ Nxf8 21. Nb6 $18) 19. Kb1 Rxf5 (19... Nf6) 20. Rf3 $36) (
13... Bb7 14. Kb1 (14. g4 $5 b4 15. Ne2 (15. Na4 $6 Qa5 16. b3 Bc6 $36) 15...
a5 16. g5 Ba6 17. h5 Rc8 18. Kb1 Qb6 19. g6 $5 h6 (19... fxg6 20. hxg6 hxg6 21.
Qe1 $5 g5 $5 22. Bxc5 Nxc5 23. fxg5 $13) 20. Re3 Bxe2 21. Rxe2 a4 $13 {
Gruenfeld,Y-Gurevich,M/Haifa 1995 (33)}) (14. h5 b4 15. Na4 Qa5 16. b3 Bc6 17.
Nb2 Rfc8 $132 {Tischbierek,R-Knaak,R/GER/1993}) (14. Rg3 $6 b4 15. Na4 Bxd4 16.
Qxd4 Qa5 17. b3 Bc6 18. Nb2 Nc5 $1 (18... Qxa2 $6 19. Nd3 a5 $2 20. Kd2 $1 $18)
19. Bd3 Rfd8 20. f5 exf5 21. Bxf5 Ne4 $15 {Dutreeuw,M-Gurevich,M/Brussels op
1995 (44)}) 14... b4 (14... Bxd4 $5) 15. Ne2 $5 (15. Na4 $6 Bxd4 16. Qxd4 Qa5
17. b3 Bc6 18. Nb2 Qc5 19. c3 a5 $36) 15... a5 16. g4 Ba6 17. Bg2 Bxe2 18. Qxe2
Bxd4 19. Rxd4 Qc7 20. g5 $14 {Lau,R-Knaak,R/BL 1995 (41)}) 14. h5 Bb7 (14...
Ra7 $5 15. Rg3 (15. g4 Bxd4 16. Qxd4 Qxd4 17. Rxd4 f6 18. exf6 Nxf6 19. Be2
Raf7 $13) 15... Bxd4 16. Qxd4 Qxd4 17. Rxd4 Nb8 18. Rd2 Nc6 19. Ne2 b4 $132 {
Tischbierek,R-Zysk,R/BL 1993 (66)}) 15. g4 Bxd4 16. Qxd4 Qxd4 17. Rxd4 h6 $6 (
17... f6 $5 $132 18. exf6 gxf6 {[%cal Ge6e5,Gd5d4]} (18... Nxf6 19. Be2 Ne4 20.
Nxe4 (20. Rf3 Rf7 21. a4 Raf8 22. axb5 axb5 23. Nxe4 dxe4 24. Rg3 Rxf4 25. Bxb5
Rf3 $132) 20... dxe4 21. Rd7 Bc6 22. Re7 Rxf4 23. h6 Rf7 24. Rxe6 Rf6 25. Rxf6
gxf6 26. Kd2 Rd8+ 27. Ke3 $14) (18... Rxf6 19. Bg2 (19. g5 e5 20. Rxd5 Rf7 21.
Rd1 exf4 22. a4 Ne5 $13) 19... Raf8 20. Ne2 {[%cal Gh3c3,Gc3c7,Gg4g5,Gg2h3]} h6
21. Rc3 Nb6 $14 {[%cal Gg7g5]}) 19. Bg2 {[%csl Rd5][%cal Gf4f5]} Nc5 (19... Nb6
20. f5 e5 21. Rd1 e4 22. b3 $16 {[%cal Gc3e2,Ge2d4]}) (19... f5 $5 20. g5 h6
$132) 20. b4 e5 21. Bxd5+ (21. fxe5 Ne6 22. Rd2 Nf4 23. Nxd5 Nxh3 $15) 21...
Bxd5 22. Rxd5 Ne6 23. Ne2 exf4 24. Rf3 Rad8 25. Nxf4 Nxf4 26. Rxd8 Rxd8 27.
Rxf4 $16) (17... g5 $1 18. hxg6 fxg6 19. Bg2 (19. Bd3 Nb8 $1 {[%csl Rd4,Rf4]
[%cal Gb8c6]}) 19... g5 20. f5 (20. Ne2 gxf4 21. Nxf4 Rae8 22. Rh5 Nb8 $1 $132)
20... exf5 21. e6 Nb6 22. Rh5 h6 $1 $13) 18. Re3 $1 $14 Bc6 19. g5 Nc5 $6 (
19... hxg5 20. fxg5 Rab8 $14) 20. b4 Nd7 21. gxh6 gxh6 22. f5 $1 Kh8 23. fxe6
fxe6 24. Bh3 Nb6 (24... Rae8 25. Ne2 {[%csl Re6,Rg6][%cal Ge2f4]} Rf2 26. Rf4
$1 Rxf4 27. Nxf4 Nf8 28. Rc3 Bd7 29. Rc7 $18 {[%csl Ra6][%cal Gf4d3,Gd3c5]})
25. Re1 (25. Bxe6 $2 Rae8 26. Bh3 Nc4 27. Re1 Rf3 28. Rd3 d4 $1 $17) 25... Rf3
26. Rd3 Rxd3 27. cxd3 a5 (27... Bd7 28. Rf1 Kg7 29. Kd2 Rf8 30. Rg1+ Kh7 31.
Ke3 $16 {[%cal Gg1g6,Ge3c5]}) 28. bxa5 Rxa5 29. Re2 d4 $6 (29... b4 $1 30. Nd1
d4 $1 31. Bxe6 Bf3 32. Rf2 Rxe5 33. Rxf3 Rxe6 34. Rf4 $14) 30. Ne4 Bd5 31. Nf6
$1 $16 Rxa2 32. Rxa2 Bxa2 33. Kb2 Bd5 34. Ka3 {Despite of the fact that black
is a pawn up his position is hopeless because white king is much better than
his opponent and it makes all the difference!} Na4 35. Nxd5 exd5 36. Kb4 Nc3
37. Kc5 $18 {[%cal Ge5e8]} Ne2 38. e6 Kg7 39. e7 Kf7 40. Kd6 1-0

[Event "Lippstadt 12th"]
[Site "Lippstadt"]
[Date "2004.07.24"]
[Round "1"]
[White "Baramidze, David"]
[Black "Buhmann, Rainer"]
[Result "1-0"]
[WhiteElo "2487"]
[BlackElo "2532"]
[Annotator "Finkel,A"]
[PlyCount "47"]
[EventDate "2004.07.24"]
[EventType "tourn"]
[EventRounds "9"]
[EventCountry "GER"]
[EventCategory "10"]
[SourceTitle "CBM 103"]
[Source "ChessBase"]
[SourceDate "2004.11.11"]
[SourceVersion "1"]
[SourceVersionDate "2004.11.11"]
[SourceQuality "1"]

1. e4 e6 2. d4 d5 3. Nc3 Nf6 4. e5 Nfd7 5. f4 c5 6. Nf3 Nc6 7. Be3 cxd4 8. Nxd4
Bc5 9. Qd2 a6 10. O-O-O Nxd4 11. Bxd4 O-O 12. Qe3 Qe7 $6 {[%csl Ge5] The queen
belongs to c7: it's necessary for black to keep an eye on e5, since f5 break
is pretty difficult to handle.} (12... Qc7 13. Bd3 b5 (13... Bxd4 14. Qxd4 Qc5
15. Ne2 b6 16. Rhe1 Re8 17. c3 Nf8 18. Bc2 Bd7 19. g4 Bb5 20. Qd2 Bxe2 21. Rxe2
$14 {Pavlovic,M-Wustefeld,E/Dieren 2004}) 14. Qh3 (14. Ne2 Bb7 15. Qh3 g6 16.
Qg3 Bxd4 17. Nxd4 Nc5 18. h4 Ne4 19. Bxe4 dxe4 20. h5 $16 {Pavlov,O-Degterev,A/
Novosibirsk 2002}) 14... g6 15. Qe3 b4 16. Ne2 a5 17. h4 Ba6 18. h5 Bxd3 19.
Qxd3 Rfc8 $132 {Manelis,V-Chuprikov,D/Voronezh 2001}) 13. Bd3 Bxd4 14. Qxd4 Nc5
$6 {Black doesn't feel the danger and keeps playing "logical"moves, which are
typical for this structure.} (14... Qc5 15. Ne2 $14) 15. Kb1 b5 $6 {Missing
the last chance to put up serious resistance.} (15... Nxd3 16. Rxd3 f5 17. exf6
Qxf6 18. g3 $14 {[%csl Rc8,Re6][%cal Gh1e1,Gc3e2,Ge2d4]}) 16. f5 $16 {[%cal
Gf5f6] After this move white's attack is simply unstoppable.} exf5 ({Better
try was} 16... Nxd3 $142 17. Rxd3 Qa7 18. Qh4 f6 19. fxe6 Bxe6 20. exf6 Rxf6
21. Nxd5 Bxd5 22. Rxd5 Qf7 23. Rdd1 $16 {hoping to survive in the endgame with
a pawn down.}) 17. Nxd5 Qa7 18. Qh4 {[%csl Rf5][%cal Gd5e7]} Kh8 19. Rhf1 Nxd3
20. Rxd3 {[%csl Rh8][%cal Gd3h3]} Be6 (20... h6 21. Nf6 Qc5 22. Qf4 Qc4 23. Rd4
Qe2 24. Rd3 $16) 21. Nf6 h6 22. Rh3 f4 23. g4 fxg3 24. Qe4 {It was just too
easy for white!} 1-0

[Event "Clichy"]
[Site "Clichy"]
[Date "2001.07.01"]
[Round "7"]
[White "Apicella, Manuel"]
[Black "Gurevich, Mikhail"]
[Result "0-1"]
[WhiteElo "2508"]
[BlackElo "2688"]
[Annotator "Finkel,A"]
[PlyCount "56"]
[EventDate "2001.06.25"]
[EventType "tourn"]
[EventRounds "9"]
[EventCountry "FRA"]
[EventCategory "14"]
[SourceTitle "CBM 085"]
[Source "ChessBase"]
[SourceDate "2001.11.13"]
[SourceVersion "1"]
[SourceVersionDate "2001.11.13"]
[SourceQuality "1"]

1. e4 e6 2. d4 d5 3. Nc3 Nf6 4. e5 Nfd7 5. f4 c5 6. Nf3 Nc6 7. Be3 cxd4 8. Nxd4
Bc5 9. Qd2 O-O (9... Nxd4 10. Bxd4 Bxd4 11. Qxd4 Qb6 12. Qxb6 Nxb6 13. Nb5 Ke7
14. a4 Bd7 15. a5 Bxb5 16. Bxb5 Nd7 $132 {Luther,T-Mueller,K/Altensteig 1992})
10. O-O-O Nxd4 11. Bxd4 a6 12. h4 b5 13. Bxc5 {One of the most popular lines
in french defense leading to complicated struggle with mutual chanses.} (13.
Rh3 Bb7 (13... b4 14. Ne2 (14. Na4 Bxd4 15. Qxd4 a5 16. Kb1 Qc7 (16... Ba6 17.
Bxa6 Rxa6 18. c4 $36) (16... f6 17. exf6 Qxf6 18. Qxf6 Nxf6 19. Rf3 Ne4 $13 20.
Bd3 Bb7) 17. Bb5 $14 {Glek,I-Kortschnoj,V/Hessen-ch int 1999}) 14... a5 15. g4
Ba6 16. g5 Bxe2 17. Bxe2 Qc7 18. Kb1 Rfc8 19. Rc1 a4 20. h5 a3 $132 {Brustman,
A-Zielinska,M/55th chTeam-POL 1999}) 14. Kb1 (14. h5 b4 15. Na4 Bxd4 16. Qxd4
Qa5 17. b3 Bc6 18. Nb2 Rfc8 $13 {Tischbierek,R-Knaak,R/BL9293}) 14... b4 15.
Na4 Bxd4 16. Qxd4 Qa5 17. b3 Bc6 18. Nb2 Qc5 19. c3 $14 {David,A-Luther,T/
Frankfurt Ordix op 1998}) (13. h5 b4 14. Na4 Bxd4 15. Qxd4 Qa5 16. b3 Bb7 17.
f5 Bc6 18. f6 gxf6 19. exf6 Kh8 $13 {Gallagher,J-Barsov,A/Bern op 1994}) 13...
Nxc5 14. Qd4 (14. Qe3 Qb6 15. Rh3 b4 16. Ne2 a5 17. Nd4 a4 18. Bd3 Ba6 $132 {
Van Blitterswijk,S-Kalinin,A/Corus Reserve Group 2000}) 14... Qc7 15. a3 (15.
Rh3 Bb7 16. f5 exf5 17. Nxd5 $2 Bxd5 18. Rc3 Bc4 19. Bxc4 Ne4 $19 {Ljubicic,
F-Dizdar,G/Solin 1994}) 15... Bd7 $5 {[%cal Ga8b8,Ga6a5,Gb5b4] This move is
certain improvment comparing to 15...Bb7. After the move in the game black
gets sufficient counterchanses.} (15... Bb7 16. Bd3 Rac8 17. Kb1 Rfd8 18. h5
Ne4 19. Bxe4 dxe4 20. Qe3 Rxd1+ 21. Rxd1 a5 22. Rd2 $14 {Apicella,M-Miljanic,B/
Ciocaltea Mem 2000}) 16. f5 Rfc8 17. f6 $6 {Inaccuracy after which black
seizes the initiative} (17. h5 $5 Ne4 18. Rh3 exf5 $1 (18... b4 $6 19. axb4 a5
20. b5 a4 21. b6 $16) (18... Rab8 19. h6 a5 20. Bd3 Nxc3 21. bxc3 Qc5 (21...
Qxc3 22. Qxc3 Rxc3 23. fxe6 Bxe6 24. Bxh7+ Kxh7 25. Rxc3 $14) 22. Qxc5 Rxc5 23.
hxg7 exf5 24. Rdh1 $14) 19. h6 gxh6 $13) 17... gxf6 18. exf6 Kh8 19. Kb1 $6 {
Too slow, it was necassary to play} (19. Bd3 $1 a5 20. Bxh7 e5 (20... Kxh7 $2
21. Qg4 Rg8 22. Qh5#) 21. Qxd5 Be6 22. Nxb5 Bxd5 23. Nxc7 Rxc7 24. Rxd5 Kxh7
$13) 19... Rab8 $17 {[%cal Ga6a5,Gb5b4]} 20. Be2 a5 21. Bh5 $5 b4 22. Bxf7 (22.
axb4 Ne4 $1 {[%csl Rc2]} 23. Bxf7 (23. Nxe4 Qxc2+ 24. Ka1 Rxb4 $19) 23... Rxb4
$19 {[%cal Ge4c3]}) 22... e5 $5 $19 23. Qe3 (23. Nxd5 exd4 24. Nxc7 bxa3 $1 (
24... Rxc7 25. axb4 Rxb4 $19) 25. Nd5 Rxb2+ 26. Ka1 Rf8 27. Bh5 Rxc2 $19) 23...
Bf5 (23... bxc3 24. Qh6 Rxb2+ 25. Ka1 Ne6 26. Bg6 Ba4 $19) 24. axb4 axb4 25.
Nxd5 Qxf7 26. Ne7 b3 $1 27. Nxf5 bxc2+ 28. Kxc2 Ne4+ (28... Ne4+ 29. Kb1 (29.
Kd3 Qc4#) 29... Nc3+ 30. Qxc3 Rxc3 $19) 0-1

[Event "EU-Cup 13th final"]
[Site "Kazan"]
[Date "1997.12.28"]
[Round "1"]
[White "Felsberger, Alfred"]
[Black "Dolmatov, Sergey"]
[Result "0-1"]
[WhiteElo "2375"]
[BlackElo "2565"]
[Annotator "Finkel,A"]
[PlyCount "118"]
[EventDate "1997.12.28"]
[EventType "team-k.o."]
[EventRounds "4"]
[EventCountry "RUS"]
[SourceTitle "EXT 2020"]
[Source "ChessBase"]
[SourceDate "2019.10.17"]
[SourceVersion "1"]
[SourceVersionDate "2019.10.17"]
[SourceQuality "1"]
[WhiteTeam "Graz Merkur Versicherung"]
[BlackTeam "Azov Ladya"]
[WhiteTeamCountry "AUT"]
[BlackTeamCountry "RUS"]

1. e4 e6 2. d4 d5 3. Nc3 Nf6 4. e5 Nfd7 5. f4 c5 6. Nf3 Nc6 7. Be3 cxd4 8. Nxd4
Bc5 9. Qd2 Nxd4 10. Bxd4 Bxd4 11. Qxd4 Qb6 {#} 12. Qxb6 Nxb6 {On the
evaluation of this ending depends the evaluation of whole variation.So far
white has attempted the folowing possibilities: A) 13.0-0-0. B) 13.Bd3 C) 13.
a4, D) 13.Nb5,but he is still facing some difficulties in getting significient
advantage:} 13. Nb5 (13. O-O-O a6 (13... Bd7 14. Bd3 h5 $5 15. Ne2 Ke7 16. Nd4
g6 17. g3 Bc6 18. Rde1 Nd7 19. c3 $10 {Nunn,J-Korchnoi,V/Lucern/1985}) 14. Bd3
Bd7 15. Ne2 Nc8 16. Nd4 Ne7 17. Rhf1 Nc6 18. Nxc6 (18. c3 $5 $14) 18... Bxc6
19. f5 Bd7 20. f6 g6 21. Rf3 $36 {Hartmann,G-Moors,H/BL/1986}) (13. Bd3 Ke7 14.
O-O-O Bd7 15. Rhf1 Bc6 (15... g5 $5 16. f5 $5 Bc6 $5 $13 {/\ Nd7}) 16. Ne2 f6
17. exf6+ gxf6 18. Nd4 Kd6 (18... e5 $6 19. fxe5 fxe5 20. Rde1 e4 21. c4 $36)
19. Rde1 Rae8 20. g4 $5 $36 {Nijboer,F-Gurevich,M/Groningen/1992}) (13. a4 {
/\ a5} a5 14. Nb5 Ke7 15. b3 f6 $5 16. exf6+ (16. Kd2 fxe5 17. fxe5 Bd7 {>< Pe5
}) 16... gxf6 17. Kd2 Bd7 18. Re1 Bxb5 (18... h5 $6 19. Nc7 $1 Rac8 20. Nxe6
Bxe6 21. f5 $14) 19. Bxb5 Nc8 20. c4 (20. Re3 Nd6 21. Rhe1 Ne4+ $15) 20... Nb6
$5 (20... dxc4 21. Bxc4 Rd8+ 22. Kc3 Rd6 23. Rd1 $14 {Georgiev,Kir-Gurevich,M/
Manila(izt)/1990}) 21. cxd5 (21. c5 Nd7 22. c6 bxc6 23. Bxc6 Rad8 $15 {
Georgiev,Kir}) 21... Nxd5 22. g3 Rhd8 23. Kc1 Rac8+ 24. Bc4 $10 {Georgiev,Kir})
13... Ke7 14. O-O-O (14. Bd3 Bd7 15. Nd4 Na4 (15... g6 $6 16. b3 h5 17. Kd2 a6
18. a4 Nc8 19. b4 Kd8 20. Rhc1 a5 21. Rcb1 Kc7 22. Ra3 $14 {Timann,J-Korchnoi,
V/Brussels SWIFT/1986}) (15... Nc4 $5 16. b3 Na5 17. Kd2 Nc6 18. Ke3 Rac8 19.
Rab1 h6 20. Nxc6+ Rxc6 21. g4 h5 22. h3 g6 $10 {Arnasson,J-Dolmatov,S/Akureyri/
1988}) (15... h5 16. b3 f6 {1/2-1/2 Ivanchuk,V-Dreev,A/URS-chTJ Kramatorsk 1989
}) 16. O-O-O Nc5 {This is considered to be the main line of variation.} 17. Kd2
(17. Rde1 $6 h5 $1 18. g3 Rag8 19. Rhg1 g5 20. f5 g4 $1 21. f6+ Kd8 22. Re3 h4
23. b4 hxg3 24. hxg3 Nxd3+ 25. cxd3 Rh2 $17 {Timman,J-Chernin,A/Montpellier(ct)
/1985}) (17. Rhf1 g6 18. b3 Rac8 19. Kb2 a6 20. Rf3 h5 21. g3 Rcg8 22. Rdf1 Be8
23. Re3 g5 24. f5 g4 25. Be2 $5 Rg5 26. Rc3 $5 b6 27. Kc1 {/\ b4} a5 28. a3 $14
{Chiburdanidze,M-Vareille,F/Montpellier/1986}) 17... g5 $5 {#} (17... h5 18.
Rhf1 h4 $5 (18... g6 19. Rde1 $14) 19. Rf2 (19. f5 Nxd3 20. Kxd3 Rh5 21. fxe6
Bxe6 $10 {Nunn,J}) 19... Rac8 20. Rdf1 f5 $5 (20... a6 21. f5 Nxd3 22. Kxd3 Rh5
23. fxe6 Bxe6 24. Nxe6 $16) 21. Ke3 a6 $14 (21... g5 $6 22. fxg5 Rcg8 23. b4 $1
Nxd3 24. cxd3 Rxg5 25. Rc1 $16 {Hunn,J-Hjartarsson,J/Linares/1988})) 18. fxg5
Rag8 19. h4 (19. Nf3 Ne4+ 20. Kc1 Nxg5 $15) 19... h6 20. Nf3 (20. g4 $5 hxg5
21. h5 Nxd3 (21... Rh6 22. Rdf1 {-> f6,f7}) (21... f6 22. exf6+ Kxf6 23. Rhf1+
Ke7 24. Rde1 Kd6 25. Rf6 Ke7 26. Ref1) 22. Kxd3 f6 23. exf6+ Kxf6 24. Rhf1+ Ke7
25. Rde1 Rf8 26. Rxf8 Rxf8 27. Re5 Kf6 28. Re1 Ke7 $10) 20... hxg5 21. Nxg5 (
21. hxg5 Rxh1 22. Rxh1 Ne4+ 23. Ke3 Nxg5 24. Rh5 Nxf3 25. gxf3 Bc6 $10 {
Nunn, J-Gurevich,M/Wijk aan Zee/1990}) 21... Rxh4 $5 22. Rxh4 Rxg5 23. g4 (23.
Re1 Rxg2+ 24. Re2 {Christiansen,L-Gurevich,M/Reykjavik/1990} Rg8 $5 $44 {
Gurevich,M}) 23... Rxe5 24. Rh5 Ne4+ $5 {#} 25. Bxe4 (25. Kc1 Ng5 $44 {
Gurevich,M}) 25... Rxe4 26. Re1 Rd4+ 27. Kc1 Bc6 28. Rg1 Rf4 $10) (14. Nd4 Bd7
15. Bd3 {-> 14.Bd3}) (14. b3 $5 Bd7 (14... f6 $5 15. exf6+ gxf6 16. a4 a5 17.
Nc7 $6 Rb8 18. Bd3 Bd7 19. O-O Kd6 $132 {Nijboer,F-Hoeksema,E/NLD-ch sf
Enschede 1991 (60)}) 15. Nd4 a6 16. Bd3 g6 17. Kd2 h5 18. g3 Rac8 19. a4 $14) (
14. a4 $5 Bd7 15. a5 Bxb5 16. Bxb5 Nd7 17. b4 Rac8 18. Kd2 g5 $1 $132 {Luther,
T-Mueller,K/Altensteig 1992 (32)}) (14. h4 h5 15. Rh3 $5 Bd7 16. Nd4 g6 17. b3
a6 18. Rc3 Rhc8 19. Kd2 $14 {Gallagher,J-Kelecevic,N/Biel Credis 1996 (43)}) (
14. Kd2 Bd7 15. Nd4 Na4 16. b3 Nc5 17. Bd3 g6 18. a4 $5 a5 19. Raf1 h5 20. g3
Rag8 21. h4 $14 {Ehlvest, J-Gurevich,M/Linares 1991/1/2-1/2 (49)}) 14... Bd7
15. Nd4 Rac8 $5 {This move seems to be a novelty,but it does'nt change
anything in the position:white has to play on the kingside,while black tries
to create a counterplay on the queenside by doubling the rooks over the c-file
and transfering the knight to c6.} (15... Na4 16. Bd3 {-> 14.Bd3} (16. Bd3 Nc5
17. Rhf1 (17. Kd2 f5 $5 18. Rdg1 (18. exf6+ gxf6 19. Rde1 Kd6 20. g4 Nxd3 21.
cxd3 $13) 18... h5 $5 19. g3 Rag8 20. h3 $2 g5 21. b4 Ne4+ 22. Ke3 Rg7 $36 {
Mainka,G-Schmidt,B/BL 1990/0-1 (53)}) 17... g6 (17... Bc6 18. Rf3 Nd7 19. Re3
Rhc8 20. f5 g6 21. g4 $14 {Clerides-Elbilia/32nd Chess Olympiad, Yerevan 1996 
(31)}) 18. Rf3 h5 19. g3 Rag8 $10 {Fogarasi Tibor-Namgilov Sogto/It (cat.9),
Budapest (Hungary) 1996 (28)})) (15... h5 $5 16. Bd3 (16. g3 Na4 17. Bd3 Nc5
18. h3 $1 Rag8 19. Rhf1 g6 20. Kd2 Be8 21. Rc1 $1 Bd7 22. b4 Na4 23. c4 $14 {
Chandler,M-Short,N/Hastings A1 1988/1/2-1/2 (82)}) 16... g6 17. g3 a6 18. h3
Nc8 19. Kd2 Na7 20. c3 Bb5 21. Bxb5 {1/2-1/2 Nunn,J-Korchnoi,V/Bruxelles/1985})
(15... a6 16. Bd3 (16. g3 Nc8 17. Bg2 Na7 18. Rhe1 Rac8 19. c3 Rc7 {1/2-1/2
Chandler,M-Chernin,A/Moscow GMA-qual f 1990}) 16... Nc8 $5 17. g4 Na7 18. Rhg1
Nc6 19. c3 Rac8 20. Be2 b5 21. Nxc6+ Bxc6 22. Rd4 $14 {Shmuter,L-Dickenson,N/
ECC - Tyniste n. Orlici 1995 (28)}) 16. Bd3 (16. b3 $5) 16... Nc4 17. Rde1 $6
Na5 18. Kd2 Nc6 19. Nf3 (19. c3 Nxd4 20. cxd4 h5 21. Rc1 g6 $10) 19... a6 20.
h4 $6 {Depriving himself the play on the kingside and letting black to do what
he wishes.} (20. g4 h5 21. h3 (21. gxh5 Rxh5 22. Rhg1 g6 23. a3 Na7 $10) 21...
g6 22. a3 Na7 23. Nd4 Bb5 $132) 20... h5 $1 {Of course!} 21. Rhf1 g6 22. a3 (
22. c3 $5) 22... Rc7 23. Rh1 Na7 24. Nd4 Bb5 25. Rc1 (25. Nxb5 $5 Nxb5 26. Bxb5
axb5 27. c3 Rc4 28. g3 $10) 25... Rhc8 26. Rhe1 Bc4 $5 27. a4 Nc6 28. Nxc6+
Rxc6 29. g3 $6 (29. b3 Bxd3 30. cxd3 d4 $5 31. Rc4 $10) 29... Rb6 $1 $15 {
Finaly getting a chanse to make some progress.It's quiet interesting to
observe how black move by move is improving position,while white is just
moving the pieces!} 30. Bxc4 Rxc4 31. b3 Rc5 32. Re3 Rbc6 33. Rd3 b5 34. axb5
axb5 35. b4 (35. c3 b4 36. Rc2 f6 37. Rc1 Kf7 38. Rc2 g5 $1 $17) 35... Rc4 36.
c3 Ra6 $1 $17 37. Rc2 f6 {Bringing the king to the center decides the game.}
38. Rd4 Rc8 39. exf6+ (39. Ke3 Ra3 40. Kd3 (40. Rd3 Rc4 41. exf6+ Kxf6 42. Kd2
Kf5 {39.e:f6}) 40... Ra1 41. Ke2 fxe5 42. fxe5 Rf8 $17) 39... Kxf6 40. Ke3 Ra3
41. Rd3 Rc4 $1 42. Kd2 Kf5 43. Re3 Re4 44. Kd3 ({More persistant was} 44. Rd3 {
with some drawing chances.}) 44... Rxe3+ 45. Kxe3 e5 46. fxe5 Kxe5 47. Kf2 Ke4
48. Re2+ Kd3 49. Re6 Kxc3 50. Rxg6 d4 $1 $19 {This pawn will cost white a rook
so there is no reason to capture the pawn on b4 and to lose precious time.} 51.
Rg5 d3 52. Rxb5 Ra1 53. Rxh5 d2 54. Rd5 d1=Q 55. Rxd1 Rxd1 56. Ke3 Kxb4 57. h5
Kc5 58. Ke4 Kd6 59. Kf5 Ke7 0-1